Reseña completa descriptiva y crítica de la exposicion industrial y artística de productos del principado de Cataluña, improvisada en Barcelona, para obserquiar á S.M. la Reina Doña Isabel II y á su Real familia, con motivo de su venida á esta ciudad / (Record no. 161046)

MARC details
000 -LEADER
campo de control de longitud fija 00958nam a22001695i 4500
001 - NÚMERO DE CONTROL
campo de control 161046
003 - IDENTIFICADOR DE NÚMERO DE CONTROL
campo de control ES-MaACL
005 - FECHA Y HORA DE LA ÚLTIMA TRANSACCIÓN
campo de control 20230906212202.0
008 - DATOS DE LONGITUD FIJA--INFORMACIÓN GENERAL
campo de control de longitud fija 010529s1860 sp a |||| | spa d
040 ## - FUENTE DE CATALOGACIÓN
Centro catalogador/agencia de origen CCPB | B
Lengua de catalogación spa
Centro/agencia transcriptor CCPB | B
100 1# - ENTRADA PRINCIPAL--NOMBRE DE PERSONA
Nombre de persona Orellana, Francisco José.
9 (RLIN) 130679
245 10 - MENCIÓN DEL TÍTULO
Título Reseña completa descriptiva y crítica de la exposicion industrial y artística de productos del principado de Cataluña, improvisada en Barcelona, para obserquiar á S.M. la Reina Doña Isabel II y á su Real familia, con motivo de su venida á esta ciudad /
Mención de responsabilidad, etc. escrita por Francisco J. Orellana.
260 ## - PUBLICACIÓN, DISTRIBUCIÓN, ETC.
Lugar de publicación, distribución, etc. Barcelona :
Nombre del editor, distribuidor, etc. [s.n.],
Fecha de publicación, distribución, etc. 1860 (
Fabricante establecimiento tipográfico de Jaime Jepús)
300 ## - DESCRIPCIÓN FÍSICA
Extensión 254 p., [1] h. de grab. ;
Dimensiones 23 cm.
599 #1 - NOTA A LAS ILUSTRACIONES
NOTA A LAS ILUSTRACIONES La h. de grab. es litogr., planta del edificio y distribución de los productos en la exposición.
852 ## - LOCALIZACIÓN
Ubicación ES-MaACL
Número de control de estantería T-1288-F-6
Nota libre -- Enc. hol., conservando la cub. original
-- -- Enc. en un vol. facticio
Holdings
Estatus retirado Estado de pérdida Estado de daño No para préstamo Colección Biblioteca de origen Biblioteca actual Ubicación en estantería Fecha de adquisición Total de préstamos Signatura topográfica completa Código de barras Visto por última vez Precio de reemplazo Tipo de ítem Koha
        Colección de folletos Biblioteca del Ateneo de Madrid Biblioteca del Ateneo de Madrid Depósito folletos 17/01/2008   T-1288-F-6 1168681 23/02/2023 23/02/2023 Folleto